Welcome to CU Library Online Public Access Catalogue (OPAC)

Managing information systems: (Record no. 1066)

MARC details
000 -LEADER
fixed length control field 00484nam a22001817a 4500
005 - DATE AND TIME OF LATEST TRANSACTION
control field 20241112140006.0
008 - FIXED-LENGTH DATA ELEMENTS--GENERAL INFORMATION
fixed length control field 241112b |||||||| |||| 00| 0 eng d
020 ## - INTERNATIONAL STANDARD BOOK NUMBER
International Standard Book Number 0131538411
050 ## - LIBRARY OF CONGRESS CALL NUMBER
Classification number T 58.6 Lau
100 ## - MAIN ENTRY--PERSONAL NAME
Personal name Laudon,C Kenneth
245 ## - TITLE STATEMENT
Title Managing information systems:
Remainder of title managing the digital firm
250 ## - EDITION STATEMENT
Edition statement 9th
260 ## - PUBLICATION, DISTRIBUTION, ETC.
Place of publication, distribution, etc. upper saddle river
Name of publisher, distributor, etc. pearson
300 ## - PHYSICAL DESCRIPTION
Extent xxxii,121p.
500 ## - GENERAL NOTE
General note illus tablesindex
700 ## - ADDED ENTRY--PERSONAL NAME
Personal name laudon p. Jane
942 ## - ADDED ENTRY ELEMENTS (KOHA)
Source of classification or shelving scheme Library of Congress Classification
Koha item type Books
Edition 9th
Suppress in OPAC No
999 ## -
-- 1066
-- 1066
Holdings
Withdrawn status Lost status Source of classification or shelving scheme Damaged status Not for loan Collection Home library Current library Shelving location Date acquired Total checkouts Full call number Barcode Date last seen Copy number Price effective from Koha item type
    Library of Congress Classification     Non-fiction Graduate Library (Christ Temple) Graduate Library (Christ Temple) General stacks 11/12/2024   T 58.6 LAU GSCT00000033 11/12/2024 1 11/12/2024 Books
    Library of Congress Classification     Non-fiction Graduate Library (Christ Temple) Graduate Library (Christ Temple) General stacks 11/12/2024   T 58.6 LAU GSCT00000034 11/12/2024 2 11/12/2024 Books
    Library of Congress Classification     Non-fiction Graduate Library (Christ Temple) Graduate Library (Christ Temple) General stacks 11/12/2024   T 58.6 LAU GSCT00000035 11/12/2024 3 11/12/2024 Books
© 2023-2024 Copyright: Central University Libraries. All Rights Reserved | Created by: Mahone Tech Office